| 000 | 00840nam a2200253 i 4500 | ||
|---|---|---|---|
| 001 | 000035745 | ||
| 003 | DO-SdBNP | ||
| 005 | 20251013121205.0 | ||
| 007 | ta | ||
| 008 | 111110s2011 dr ac 000 0 spa d | ||
| 020 | _a9789945468045 | ||
| 040 |
_aDO-SdBNP _bspa _cBNPHU _erda |
||
| 049 | _aBNPD | ||
| 082 | 4 |
_axxx _bxxx _222 |
|
| 245 | 1 | 0 |
_aElupina Cordero, Caminos de luz : _b( dad luz a nuestros caminos) / _ccompilado y presentado, por padre de Daniel Guerra Sancho. |
| 264 | 1 |
_aSanto Domingo : _bEditora Alfa y Omega, _c2011. |
|
| 300 |
_a170 páginas : _bilustrciones, retratros ; _c23 cm. |
||
| 336 |
_atexto _btxt _2rdacontent |
||
| 337 |
_asin mediación _bn _2rdamedia |
||
| 338 |
_avolumen _bnc _2rdacarrier |
||
| 590 | _aInventariado, 2025/BT | ||
| 700 |
_aGuerra Sancho, Daniel, _ecompilador _4comp. _988692 |
||
| 942 |
_2ddc _cLBS1 |
||
| 999 |
_c35236 _d35236 |
||